000 00283nam a2200109 4500
999 _c10507
_d10507
008 180904b ||||| |||| 00| 0 eng d
245 _aDengue mass vaccination.
260 _aDavao City
_bSun Star Davao
_cc2016
300 _apage 5.
650 0 _930838
_aImmunology.
942 _2ddc
_cPER